Técnica y civilización

I tiakina i:
Ngā taipitopito rārangi puna kōrero
Kaituhi matua: Mumford, Lewis (autor)
Hōputu: Pukapuka
Reo:Pāniora
I whakaputaina: Madrid Alianza 1979
Putanga:3a. ed
Rangatū:Alianza Universidad
Ngā marau:
Ngā Tūtohu: Tāpirihia he Tūtohu
Kāore He Tūtohu, Me noho koe te mea tuatahi ki te tūtohu i tēnei pūkete!

MARC

LEADER 00000nam a2200000 a 4500
001 UCT2116
003 CL-VaPUC
008 961004e19790000SP |||||||||||||||||spa|d
082 0 4 |a 609  |b MUM  |2 21 
100 |a Mumford, Lewis  |e autor  |9 869690 
245 1 0 |a Técnica y civilización 
250 |a 3a. ed 
300 |a 522 p 
942 |c BK 
945 |d 19961004 00:00:00  |a paguirre 
260 |a Madrid  |b Alianza  |c 1979 
650 0 |a Tecnología  |9 256742 
650 0 |a Historia de la tecnología  |9 266115 
650 7 |a INNOVACIONES TECNOLOGICAS  |2 CL-VaPUC  |9 371183 
583 |a last modification  |c 20160928 09:39:34  |k Rodrigo Vera 
490 0 |a Alianza Universidad 
999 |c 252374  |d 252372 
952 |0 0  |1 0  |4 0  |6 609_000000000000000_MUM_1979  |7 0  |8 A  |9 272210  |a BIBCUR  |b BIBCUR  |d 2019-11-19  |i 1759205  |o 609 MUM 1979  |p 1759205  |r 2025-04-22  |w 2019-11-19  |y BK  |k BCB